01177 a2200241 45000010006000000050017000060080041000230030015000640400040000790800031001192450015001500200022001652640045001873000019002325050401002510410008006529420007006605900036006671000021007037000029007249990015007539520167007686039520260407155855.0260407a2004 arg spa dAR-UNSa-BCEJYS aAR-UNSa-BCEJYSbspacAR-UNSa-BCEJYS a330xEconomía en general10aEconomía a978-950-701-859-6 1aBuenos Aires :bAique Grupo Editorc2004 a195 p.c23 cm. a1. ¿Qué es la economía? - 2. Los grandes debates económicos a través del tiempo – 3. El pensamiento económico moderno – 4. El sistema y los agentes económicos – 5. La demanda – 6. La oferta de bienes y servicios – 7. El mercado – 8. Macroeconomía – 9. Problemas económicos contemporáneos – 10. Los modelos de la economía argentina – 11. De cara al siglo XXI aspa cBK aniveau_biblio:m niveau_hierar:01 aMaas, Pablo Luis1 aCastillo, José Ernesto c6964d6964 00104070aBCEJYSbBCEJYSc16d2026-04-07l0o330 M111pL129151r2026-04-07 15:58:55w2026-04-07yLzÚLTIMA PÁGINA MANCHADA CON ROJO - RESALTADOR - TAPA ROTA